000 01180nam a22002417a 4500
005 20240530110345.0
008 141201s2009 ua frb 000 0 ara d
017 _a16280/2009
_bمصر . دار الكتب المصرية
040 _aEG-CaGPL
041 0 _aara
082 0 4 _221
_a610.938\
_bم إ
100 0 _aمحمد صلاح الدين سرور
_cاستاذ الصدر بكلية الطب - جامعة الاسكندرية
_cدكتوراه فى تاريخ حضارة اليونان والرومان
245 1 2 _aالاستشفاء فى المعابد الاغريقية بين الممارسة الروحانية والطبية /
_cمحمد صلاح الدين سرور
260 _aالاسكندرية :
_bدار المعرفة الجديدة ،
_c2009
300 _a144 ص ؛
_c24 سم
650 0 4 _aالعلاج الدينى
_xتاريخ
_yالاغريق
650 0 4 _aالاساطير اليونانية
650 0 4 _aاسكليبيوس ( طبيب اغريقى )
650 0 4 _aالطب القديم
_xتاريخ
_yالاغريق
653 _aالعلاج الدينى عند الاغريق
942 _2ddc
_cBK
999 _c59948
_d59948